| 000 | 00588nam a2200181 a 4500 | ||
|---|---|---|---|
| 005 | 20140412111307.0 | ||
| 008 | 010424s19uu xx 00 eng d | ||
| 020 | _a0-7445-4763-6 | ||
| 050 |
_aTR(PS E _bWh56 1994 |
||
| 100 | _aWaddell, Martin | ||
| 245 |
_aWhen the teddy bears came / _cMartin Waddell; illustrated by Penny Dale. |
||
| 260 |
_aLondon : _bWalker Books, _c1994. |
||
| 300 | _a1v. (unp.) ; ill. | ||
| 520 | _aWhen the new baby comes to Tom's house, the teddy bears start coming too: . . . | ||
| 650 | _aBears-Stories | ||
| 650 | _aChildren's stories | ||
| 999 |
_c103749 _d103749 |
||